Normal view
MARC view
Entry Personal Name
001 - CONTROL NUMBER
- control field: 5148
003 - CONTROL NUMBER IDENTIFIER
- control field: BD-RjUL
005 - DATE AND TIME OF LATEST TRANSACTION
- control field: 20221010115659.0
008 - FIXED-LENGTH DATA ELEMENTS
- fixed length control field: 221010|| aca||aabn | a|a d
040 ## - CATALOGING SOURCE
- Original cataloging agency: BD-RjUL
- Transcribing agency: BD-RjUL
100 ## - HEADING--PERSONAL NAME
- Personal name: Fazil, Mirza Husain
670 ## - SOURCE DATA FOUND
- Source citation: Work cat.: (BD-RjUL)80496: Ḥālī, K̲h̲vājah Alt̤āf Ḥusain, 1837-1914 5146, مثنويات حالي ## Mas̲naviyāt-i Ḥālī /, 1966